| 000 | 00514cam a2200205ua 4500 | ||
|---|---|---|---|
| 020 | _c12.00 | ||
| 041 |
_aeng _h |
||
| 082 |
_a330.1 _bSAT/IN |
||
| 100 | _aSatyendranath, Sen . | ||
| 245 |
_aIntroduction to economic theory / _cSatyendranath sen. _hTextual Documents |
||
| 250 |
_a1 / _b. |
||
| 260 |
_aCalcutta : _bBookland pvt Ltd , _c1962. |
||
| 300 | _a580 ; . | ||
| 365 | _a12.00 | ||
| 504 | _a | ||
| 700 | 1 | _asIsik kumar, Das . | |
| 942 | _cBK | ||
| 999 |
_c2105 _d2105 |
||